Guess the Taylor Swift Song with No Hints - 37 - Statistics

General Stats
  • This quiz has been taken 83 times
  • The average score is 306 of 385
Answer Stats
Answer % Correct
a
99%
I
99%
the
97%
The
97%
you
97%
You
97%
an
94%
in
94%
your
94%
And
93%
and
93%
my
93%
for
91%
that
91%
when
91%
it
90%
to
90%
where
90%
know
89%
me
89%
I'm
87%
is
87%
on
87%
like
86%
Like
86%
win
86%
night
83%
They
83%
was
83%
I'll
81%
say
81%
were
81%
but
80%
But
80%
if
80%
of
80%
That's
80%
that's
80%
this
79%
hand
77%
hand,
77%
(oh)
77%
take
77%
time
77%
man
76%
could
74%
Life
74%
more
74%
never
74%
willow
74%
I'd
73%
less
73%
plans
73%
there
73%
Yeah,
73%
follow
71%
from
71%
home
71%
one
71%
wind
71%
face
70%
look
70%
right
70%
than
70%
water
69%
knife
67%
or
67%
stray
67%
through
67%
Wait
67%
Wreck
67%
out
66%
ship
66%
Wherever
66%
begging
64%
Begging
64%
cut
64%
would've
64%
thing
63%
again
61%
Anywhere
61%
As
61%
champion
61%
dark
61%
Every
61%
feel
61%
known
61%
after
60%
art
60%
bent
60%
come
60%
else
60%
hollow
60%
meet
60%
ring
60%
surface
60%
Head
59%
priceless
59%
case
57%
cheat
57%
gave
57%
should've
57%
trend
57%
work
57%
Now
56%
prize
56%
rolled
56%
scars
56%
Show
56%
stronger
56%
trophy
56%
Lost
54%
mythical
54%
open-shut
54%
others
54%
signal
54%
train
54%
wine
54%
90's
53%
places
53%
Rough
53%
sneaking
53%
Hey,
51%
pillow,
51%
count
47%
switch
44%
current
43%
Guess
39%
bait
36%
bacl
10%
No matching quizzes found
Score Distribution
Percent of People with Each Score
Percentile by Number Answered
Your Score History
You have not taken this quiz